000 00710nam a2200241Ia 4500
003 GCL
008 140319s9999 xx 000 0 ara d
040 _aGCL /
_cGCL
082 0 4 _a001.5
_bف ا
100 1 _aفوزيةالمولد
245 1 0 _aانا وانت والطريق /
_cفوزيةالمولد
260 _a[S.N] :
_bالهيئة المصرية العامة للكتاب ،
_c1994
300 _a87 ص
490 _a
650 0 4 _aمصر
650 0 4 _aالتليفزيون
650 0 4 _aالاعلام
650 0 4 _aالوعى الاجتماعى
650 0 4 _aوسائل الاعلام
650 0 4 _aالاذاعة
650 0 4 _aالاتصال - علم اجتماع
942 _2ddc
_cBK
999 _c29311
_d29311